O diário (nem sempre secreto de pedro/ ilustrações de Paulo Tenente (Record no. 195534)

MARC details
000 -LÍDER
campo de controle de tamanho fixo 00549nam a22001817a 4500
001 - NÚMERO DE CONTROLE
campo de controle 195534
003 - IDENTIFICADOR DO NÚMERO DE CONTROLE
campo de controle OSt
005 - DATA E HORÁRIO DA ÚLTIMA TRANSAÇÃO
campo de controle 20240816101822.0
008 - CAMPO DE DADOS FIXOS--INFORMAÇÃO GERAL
campo de controle de tamanho fixo 240618b |||||||| |||| 00| 0 POR d
020 ## - ISBN - INTERNATIONAL STANDARD BOOK NUMBER
ISBN - International Standard Book Number 9788535704747
040 ## - FONTE DA CATALOGAÇÃO
Instituição da catalogação original Colégio Cândido Portinari
Idioma da catalogação Português
Instituição que transcreveu o registro Colégio Cândido Portinari
082 ## - CDD - CLASSIFICAÇÃO DECIMAL DE DEWEY
Número de Classificação 028.5
100 0# - ENTRADA PRINCIPAL--NOME PESSOAL
Nome pessoal Andrade, Telma Guimarães Castro
9 (RLIN) 1310
245 ## - TÍTULO
Título O diário (nem sempre secreto de pedro/ ilustrações de Paulo Tenente
300 ## - DESCRIÇÃO FÍSICA
Extensão 80p.
650 #0 - ASSUNTO--TERMO TÓPICO
Cabeçalho tópico ou nome geográfico Literatura infantojuvenil
9 (RLIN) 1221
942 ## - ELEMENTOS DE ENTRADA ADICIONADOS (KOHA)
Fonte da classificação ou esquema de arquivamento na estante
Tipo de material Koha Livros
Ocultar no OPAC Não
Holdings
Situação do descarte Situação das perdas Fonte da classificação ou esquema de arquivamento na estante Situação física Não pode ser emprestado Biblioteca de origem Biblioteca atual Data de aquisição Total de empréstimos Número de chamada completo Código de barras Data de último acesso Número do exemplar Data do preço efetivo Tipo de material Koha
          Portinari - Salvador Portinari - Salvador 18/06/2024   028.5 A554d 9128/CCP 18/06/2024 Ex. 1 18/06/2024 Livros
          Portinari - Salvador Portinari - Salvador 16/08/2024   028.5 A554d 9126/CCP 16/08/2024 Ex. 2 16/08/2024 Livros